The object of literary criticism /

Bibliographic Details
Main Author: Shusterman, Richard
Format: Book
Language:English
Published: Wurzburg : Amsterdam : Konigshausen & Neumann ; Rodopi, 1984.
Series:Elementa (Rodopi (Firm)) ; Bd. 29.
Subjects:

MARC

Tag First Indicator Second Indicator Subfields
LEADER 00000cam a2200000 a 4500
001 in00000556621
005 20151014054121.0
008 850228s1984 gw b 00110 eng
010 |a  84102999  
020 |a 3884791222 (pbk.) 
035 |a (OCoLC)11130004 
035 |9 ACK4683AM 
039 0 |a 2  |b 3  |c 3  |d 3  |e 3 
040 |a DLC  |c DLC  |d TXA  |d UtOrBLW 
049 |a TXAM  |c [A08345964] 
050 0 0 |a PN81  |b .S515 1984 
082 0 |a 801/.95  |2 19 
100 1 |a Shusterman, Richard. 
245 1 4 |a The object of literary criticism /  |c Richard Shusterman. 
264 1 |a Wurzburg :  |b Konigshausen & Neumann ;  |a Amsterdam :  |b Rodopi,  |c 1984. 
300 |a 237 pages ;  |c 22 cm. 
336 |a text  |b txt  |2 rdacontent 
337 |a unmediated  |b n  |2 rdamedia 
338 |a volume  |b nc  |2 rdacarrier 
490 1 |a Elementa : Schriften zur Philosophie und ihrer Problemgeschichte ;  |v Bd. 29-1984 
500 |a Based on the author's thesis (D. Phil.)--University of Oxford, 1979. 
500 |a Includes index. 
504 |a Bibliography: pages 225-232. 
650 0 |a Criticism. 
830 0 |a Elementa (Rodopi (Firm)) ;  |v Bd. 29. 
999 |a MARS 
999 f f |s b1c30121-7082-3a7b-9ed2-a7e1cace969c  |i 2b9fd5a1-f2ff-3d32-8b3c-c8614d653554  |t 0 
952 f f |p ric  |a Texas A&M University  |b Rellis Campus  |c Joint Library Facility  |d Remote Storage  |t 0  |e PN81 .S515 1984  |h Library of Congress classification  |i unmediated -- volume  |m A14808345964 
998 f f |a PN81 .S515 1984  |t 0  |l Remote Storage